=LDR 00000nam 2200000 4500 =001 INLIS000000000030800 =005 20130612132922 =008 ***********************************ind** =035 ##$$0010-061300000030800 =041 ##$$a ind =082 ##$$a 2Y4 =090 ##$$a 2Y4, War n =100 ##$$a Wardatun,Atun =245 ##$$a Negosisi ruang, antara ruang publik dan ruang privat, Atun Wardatun =260 ##$$a 2007 $b Mataram =300 ##$$a 293 hlm, 22 cm =650 ##$$a Hukum Islam =850 ##$$a NBPNMAT